000
00327 a2200157 4500
001
176759
020
_a
040
_c
Magnum
100
_a
Góes, Lúcia Pimentel
240
1
0
_a
O semaforo
_l
por
245
1
0
_a
O semaforo
362
0
_a
1899
440
1
_a
Scipione
697
_a
MAGNITO: I/SOCIEDADE, COTIDIAN
942
_c
BK
999
_c
176759
_d
176759